Vista normal
Vista MARC
Entrada Nombre personal
Número de registros utilizados en: 1
001 - NÚMERO DE CONTROL
- campo de control: 85956
003 - IDENTIFICADOR DEL NÚMERO DE CONTROL
- campo de control: BNPHU
005 - FECHA Y HORA DE LA ÚLTIMA TRANSACCIÓN
- campo de control: 20240704122639.0
008 - DATOS DE LONGITUD FIJA
- campo de control de longitud fija: 240704|| aca||aabn | a|a d
040 ## - FUENTE DE LA CATALOGACIÓN
- Centro catalogador/agencia de origen: DO-SdBNP
- Lengua de catalogación: spa
- Centro/agencia transcriptor: BNPHU
- Normas de descripción: spa
046 ## - FECHAS CON CODIFICACIÓN ESPECIAL
- Fecha de nacimiento: 1980-
100 1# - ENCABEZAMIENTO-NOMBRE DE PERSONA
- Nombre de persona: Mejía, Kenia,
- Fechas asociadas al nombre: 1980 -
370 ## - LUGAR ASOCIADO
- Lugar de nacimiento: Las Matas de Farfán (República Dominicana)
372 ## - CAMPO DE ACTIVIDAD
- Campo de actividad: Médicina
- Campo de actividad: Se especializó en obstetricia-Gineco-Endocrinóloga e Infertilidad
374 ## - OCUPACIÓN
- Ocupación: Médico
375 ## - GÉNERO/SEXO
- Género/Sexo: Femenino
377 ## - LENGUA/LENGUAJE ASOCIADO
- Código del idioma: spa
400 1# - TRAZADO DE VÉASE--NOMBRE DE PERSONA
- Nombre de persona: K. Mejía
670 ## - FUENTE DE DATOS ENCONTRADOS
- Cita de la fuente: Mejía, Kenia. La esposa. Santo Domingo : Santuario, 2023. 420p.
